000
00278nam a22001097a 4500
008
160621b xxu||||| |||| 00| 0 eng d
100
_9
271
_a
Barclay, S,
245
_a
Machine at Work
260
_a
Lon
_b
World Book International
_c
1990
300
_a
Machine at Work
942
_2
ddc
_c
BK
999
_c
217
_d
217